Library Logo

Pioneer International University Library Catalogue

Direct social work practice : (Record no. 474)

MARC details
000 -LEADER
fixed length control field 00548pam a2200181 a 4500
005 - DATE AND TIME OF LATEST TRANSACTION
control field 20250901165221.0
008 - FIXED-LENGTH DATA ELEMENTS--GENERAL INFORMATION
fixed length control field 920915s1993 cau b 001 0 eng
010 ## - LIBRARY OF CONGRESS CONTROL NUMBER
LC control number 92035471
020 ## - INTERNATIONAL STANDARD BOOK NUMBER
International Standard Book Number 0534199569
050 00 - LIBRARY OF CONGRESS CALL NUMBER
Classification number HV40 .H53 1993
Item number .H53 1993
082 00 - DEWEY DECIMAL CLASSIFICATION NUMBER
Classification number 361.3/2
Edition information 20
100 1# - MAIN ENTRY--PERSONAL NAME
Personal name Hepworth, Dean H.
245 10 - TITLE STATEMENT
Title Direct social work practice :
Remainder of title theory and skills /
Statement of responsibility, etc. Dean H. Hepworth, Jo Ann Larsen.
250 ## - EDITION STATEMENT
Edition statement 4th ed.
260 ## - PUBLICATION, DISTRIBUTION, ETC.
Place of publication, distribution, etc. Pacific Grove, Calif. :
Name of publisher, distributor, etc. Brooks/Cole,
Date of publication, distribution, etc. c1993.
300 ## - PHYSICAL DESCRIPTION
Extent xx, 674, 28, 8, 21 p. ;
Dimensions 24 cm.
942 ## - ADDED ENTRY ELEMENTS (KOHA)
Source of classification or shelving scheme Dewey Decimal Classification
Holdings
Withdrawn status Lost status Source of classification or shelving scheme Damaged status Not for loan Home library Current library Shelving location Date acquired Total checkouts Full call number Barcode Date last seen Price effective from Koha item type
    Library of Congress Classification     Main Library Main Library   02/22/2021   HV40 .H53 1993 PIU0006543 02/22/2021 02/22/2021 Books